000 00588nam a22002177a 4500
005 20251108173522.0
008 250721s1994 xx 000 0 eng d
020 _a706991133
082 1 4 _aJ/ 808.0681/ COS
100 1 _aCosta, Phyllis Da
245 1 0 _aTony the Turtle and Other Poems /
264 1 _aNew Delhi :
_bVikas Publishing House,
_c1994.
300 _a24 p.
490 0 _aRHY ME TIME
_v4
650 1 7 _aPOETRY
650 1 7 _aCHILDREN LITERATURE
653 _aناشئون صغار (10-14 سنة)
700 1 _aRachavan, Rahjni
942 _2ddc
_cBK
999 _c105844
_d105844